000 01150nam a2200241Ia 4500
003 OSt
005 20210412104329.0
008 210310s2012 en ad grm 000 0 spa d
020 _a9783846565551
040 _aCO-JMCR
_cCO-JMCR
041 _aspa
082 0 4 _a658.91 /
_bP381h
_223
100 1 _aPelaes León, Oswaldo,
_eautor
_925604
245 1 0 _aHacia la calidad de los servicios de outsourcing :
_ben empresas de telecomunicaciones /
_cOswaldo Pelaes Leon.
260 _aLima, (Perú) :
_bAcademia española,
_c2012.
300 _a112 páginas :
_bilustraciones y graficas en blanco y negro ;
_c22 cm.
500 _aDatos biográficos del autor en tapa posterior.
505 0 _aPlanteamiento del problema. -- Marco teórico conceptual. -- Metodología de la investigación.-- Presentación y análisis de resultados. -- Conclusiones y recomendaciones.
520 0 _aEl presente articulo tienen la finalidad de investigar la calidad de servicio que brinda una empresa de telecomunicaciones.
650 1 4 _aCalidad de servicios
_xTelecomunicaciones
_925606
650 1 4 _aInvestigación en telecomunicaciones
_936720
942 _2ddc
_cBK
999 _c11468
_d11468